00235nam a2200085 4500082001500000245007200015260002600087300000700113650002900120 a363.73 APP aApplication of Pollution /Emission control technologies in industry aColombobICHEMCc2005 a36 aEmission /Polutiona2005